000 00844nas a2200253 4500
001 BR0801794
003 BR-BrBNA
005 20231205111805.0
007 ta
008 230509b bl.|||p| |||| 00| 00por d
040 _aBR-BrBNA
_bpor
_cBiblioteca Nacional de Agricultura
041 _a(Pt)
072 _aM12
100 1 _aPádua, D.M.C.
100 1 _aTavares, L.H.S.
100 1 _aPádua, J.T.
100 1 _aSilva, P.C.
245 1 _aEstudo de uma série de tanques de alvenaria como modelo para condução de experimentos com organismos aquáticos
650 _aPEIXE
650 _aPISCICULTURA
773 0 _tAnais da Escola de Agronomia e Veterinária - Universidade Federal de Goiás (Brazil)
_xISSN 0100-218X
_g(Jul-Dec 1997), V. 27(2) p. 75-83
_wBR0801794
909 _a202311
_bLúcia
_c55
_dLúcia Elande
942 _2AGRIS
_n0
_cANA
999 _c194503
_d194503